Relación de las cosas de Yucatán (Record no. 10224)

MARC details
000 -CABECERA
campo de control de longitud fija 01117nam a2200277 a 4500
001 - NÚMERO DE CONTROL
campo de control BRL_1414
005 - FECHA Y HORA DE LA ÚLTIMA TRANSACCIÓN
campo de control 20190320211207.0
008 - DATOS DE LONGITUD FIJA--INFORMACIÓN GENERAL
campo de control de longitud fija 130114s1938----mx-abo####---#000-0#spa-#
041 ## - CÓDIGO DE LENGUA
Código de lengua del texto/banda sonora o título independiente spa
044 ## - CÓDIGO DEL PAÍS DE LA ENTIDAD EDITORA/PRODUCTORA
Código MARC del país mx
050 #4 - SIGNATURA TOPOGRÁFICA DE LA BIBLIOTECA DEL CONGRESO
Número de clasificación F1376
Número de documento/Ítem .L36 1938
100 1# - ENTRADA PRINCIPAL--NOMBRE DE PERSONA
Nombre de persona Landa, Diego de,
Fechas asociadas al nombre 1524-1579
9 (RLIN) 26826
245 10 - MENCIÓN DE TÍTULO
Título Relación de las cosas de Yucatán
Mención de responsabilidad, etc. por el P. Fray Diego de Landa ; introducción y notas por Héctor Pérez Martínez, con apéndice en el cual se publican por primera vez varios documentos importantes y cartas del autor.
250 ## - MENCIÓN DE EDICIÓN
Mención de edición 7a ed.
260 ## - PUBLICACIÓN, DISTRIBUCIÓN, ETC.
Lugar de publicación, distribución, etc. México
Nombre del editor, distribuidor, etc. Pedro Robredo
Fecha de publicación, distribución, etc. 1938
300 ## - DESCRIPCIÓN FÍSICA
Extensión 411 p.
Otras características físicas il., láminas, mapas
Dimensiones 24 cm.
500 ## - NOTA GENERAL
Nota general Au1685
500 ## - NOTA GENERAL
Nota general Incluye índice de las voces mayas empleadas en el texto de Landa y en las notas, índice de nombres propios e índice de materias.
500 ## - NOTA GENERAL
Nota general Estado físico: Lomo desprendido y desgarrado.
650 14 - PUNTO DE ACCESO ADICIONAL DE MATERIA--TÉRMINO DE MATERIA
Término de materia o nombre geográfico como elemento de entrada Mayas
Subdivisión general Antigüedades
9 (RLIN) 9555
651 #4 - PUNTO DE ACCESO ADICIONAL DE MATERIA--NOMBRE GEOGRÁFICO
Nombre geográfico Yucatán (Estado)
Subdivisión general Historia
9 (RLIN) 26827
651 #4 - PUNTO DE ACCESO ADICIONAL DE MATERIA--NOMBRE GEOGRÁFICO
Nombre geográfico Yucatán (Estado)
Subdivisión general Antigüedades
9 (RLIN) 26828
700 1# - PUNTO DE ACCESO ADICIONAL--NOMBRE DE PERSONA
Nombre de persona Pérez Martínez, Héctor
9 (RLIN) 26829
902 ## - CATALOGADOR
Iniciales GRL
942 ## - ELEMENTOS DE PUNTO DE ACCESO ADICIONAL (KOHA)
Fuente del sistema de clasificación o colocación Library of Congress Classification
Tipo de ítem Koha Libros
Holdings
Estado de retiro Estado de pérdida Estado dañado No para préstamo Localización permanente Ubicación/localización actual Fecha de adquisición Número de inventario Total de préstamos Signatura topográfica completa Código de barras Fecha visto por última vez Precio válido a partir de Tipo de ítem Koha
El ejemplar forma parte de la colección y puede ser consultado según las políticas vigentes.       Biblioteca Centro de Estudios Ruth D. Lechuga Biblioteca Centro de Estudios Ruth D. Lechuga 13/01/2014 Au1685   F1376 .L36 1938 (Au1685) GRL01572 22/03/2019 22/03/2019 Libros